000 00947nam a2200229Ii 4500
003 JO-AjNU
008 230605s9999||||xx |||||||||||||| ||und||
017 _a2002/2/406
020 _a9957-11-264-3
040 _aJO-AjNU
_bara
_erda
_cJO-AjNU
041 _aara
050 1 4 _aKMM352.9.T7222.2009
100 3 _a الطراد ، إسماعيل إبراهيم ، م. مشارك جمعة محمود عباد ,
_eauthor
_929280
245 0 0 _aالتشريعات المالية والمصرفية في الأردن : شرح من منظور مالي
250 _aط4
264 3 1 _aعمان : دار وائل ، 2009
300 _a331ص
_bيشتمل على مراجع ببلوغرافية ص ( 329 - 331 )
336 _atext
_btxt
_2rdacontent
337 _aunmediated
_bn
_2rdamedia
338 _avolume
_bnc
_2rdacarrier
650 4 _aالتشريعات الاقتصادية -- الأردن -- البنوك -- المالية العامة
_929281
999 _aA11462
_c15030
_d15030